Salvador Rueda y sus obras / (Record no. 164156)

MARC details
000 -LEADER
campo de control de longitud fija 00616nam a22001815i 4500
001 - NÚMERO DE CONTROL
campo de control 164156
003 - IDENTIFICADOR DE NÚMERO DE CONTROL
campo de control ES-MaACL
005 - FECHA Y HORA DE LA ÚLTIMA TRANSACCIÓN
campo de control 20251014000301.0
008 - DATOS DE LONGITUD FIJA--INFORMACIÓN GENERAL
campo de control de longitud fija 991025s1891 sp |||| | spa d
040 ## - FUENTE DE CATALOGACIÓN
Centro catalogador/agencia de origen CCPB | B
Lengua de catalogación spa
Centro/agencia transcriptor CCPB | B
100 1# - ENTRADA PRINCIPAL--NOMBRE DE PERSONA
Nombre de persona Ruíz de Almodóvar, Gabriel.
9 (RLIN) 132211
245 10 - MENCIÓN DEL TÍTULO
Título Salvador Rueda y sus obras /
Mención de responsabilidad, etc. Gabriel Ruiz de Almodóvar.
260 ## - PUBLICACIÓN, DISTRIBUCIÓN, ETC.
Lugar de publicación, distribución, etc. Madrid :
Nombre del editor, distribuidor, etc. [s.n.],
Fecha de publicación, distribución, etc. 1891 (
Fabricante Tipografía de Manuel Ginés Hernández)
300 ## - DESCRIPCIÓN FÍSICA
Extensión 48 p. ;
Dimensiones 19 cm.
600 14 - PUNTO DE ACCESO ADICIONAL DE MATERIA--NOMBRE DE PERSONA
Nombre de persona Rueda, Salvador,
Fechas asociadas al nombre 1857-1933
9 (RLIN) 100515
852 ## - LOCALIZACIÓN
Ubicación ES-MaACL
Número de control de estantería F-10856(1)
Nota libre -- Enc. pasta española
Holdings
Estatus retirado Estado de pérdida Estado de daño No para préstamo Colección Biblioteca de origen Biblioteca actual Ubicación en estantería Fecha de adquisición Fuente de adquisición Total de préstamos Signatura topográfica completa Código de barras Visto por última vez Precio de reemplazo Tipo de ítem Koha
        Libros del s. XIX Biblioteca del Ateneo de Madrid Biblioteca del Ateneo de Madrid Sala Pecera Planta 2 17/01/2008     F-10856(1) 1172047 23/02/2023 23/02/2023 Libro impreso antiguo